Clive, Proconsul of India : a biography /

Bibliographic Details
Main Author: Lawford, James Philip
Format: Book
Language:English
Published: London : Allen & Unwin, 1976.
Subjects:

MARC

Tag First Indicator Second Indicator Subfields
LEADER 00000cam a2200000 i 4500
001 in00000333621
005 20151011052542.0
008 760702s1976 enka b 00110beng
010 |a  76363995  
020 |a 0049230670 
035 |a (OCoLC)02295128 
035 |9 ABL4021AM 
040 |a OSU  |c OSU  |d TXA  |d UtOrBLW 
049 |a TXAM  |c [1239375] 
050 0 0 |a DS471  |b .L38 
100 1 |a Lawford, James Philip. 
245 1 0 |a Clive, Proconsul of India :  |b a biography /  |c by James P. Lawford. 
264 1 |a London :  |b Allen & Unwin,  |c 1976. 
300 |a 432 pages :  |b illustrations ;  |c 23 cm. 
336 |a text  |b txt  |2 rdacontent 
337 |a unmediated  |b n  |2 rdamedia 
338 |a volume  |b nc  |2 rdacarrier 
504 |a Bibliography: pages [417]-418. 
600 1 0 |a Clive, Robert Clive,  |c Baron,  |d 1725-1774. 
651 0 |a India  |x Politics and government  |y 997-1765. 
999 |a MARS 
999 f f |s 15cf4d7f-fbd7-3b66-a499-3357f1bf1310  |i 18092bcc-fe7d-3506-b73d-7435bd9a08d6  |t 0 
952 f f |p ric  |a Texas A&M University  |b Rellis Campus  |c Joint Library Facility  |d Remote Storage  |t 0  |e DS471 .L38  |h Library of Congress classification  |i unmediated -- volume  |m A14802048695 
998 f f |a DS471 .L38  |t 0  |l Remote Storage